Catálogo
 En Linea

Guía : (Registro nro. 6615)

Detalles MARC
000 -CABECERA
campo de control de longitud fija 00637nam a2200181 a 4500
001 - NÚMERO DE CONTROL
campo de control 000006827
005 - FECHA Y HORA DE LA ÚLTIMA TRANSACCIÓN
campo de control 20200929154013.0
008 - DATOS DE LONGITUD FIJA--INFORMACIÓN GENERAL
campo de control de longitud fija 090903s2004 dr 000 0 spa d
020 ## - NÚMERO INTERNACIONAL ESTÁNDAR DEL LIBRO
Número Internacional Estándar del Libro 9993499218
040 ## - FUENTE DE LA CATALOGACIÓN
Centro catalogador/agencia de origen DO-SdBNP
Lengua de catalogación spa
Centro/agencia transcriptor BNPHU
082 ## - NÚMERO DE LA CLASIFICACIÓN DECIMAL DEWEY
Número de clasificación xxx
Número de documento/Ítem Y831g
100 1# - ENTRADA PRINCIPAL--NOMBRE DE PERSONA
Nombre de persona Yoselman R., Mirabal
Fechas asociadas al nombre 1969-
9 (RLIN) 18971
245 10 - MENCIÓN DE TÍTULO
Título Guía :
Resto del título técnicas para la organización exitosa de eventos cristianos /
Mención de responsabilidad, etc. Mirabal, Yoselman R.
260 ## - PUBLICACIÓN, DISTRIBUCIÓN, ETC.
Lugar de publicación, distribución, etc. Santo Domingo, :
Nombre del editor, distribuidor, etc. Ministerio de Publicaciones Cristiana,
Fecha de publicación, distribución, etc. 2004.
300 ## - DESCRIPCIÓN FÍSICA
Extensión 145 p. :
Otras características físicas 22 cm.
500 ## - NOTA GENERAL
Nota general Incluye datos biográficos del autor en la solapa
504 ## - NOTA DE BIBLIOGRAFÍA, ETC.
Nota de bibliografía, etc. Incluye bibliografías (p. 145)
Existencias
Estado de retiro Estado de pérdida Restricciones de uso No para préstamo Código de colección Localización permanente Ubicación/localización actual Ubicación en estantería Fecha de adquisición Número de inventario Total de préstamos Signatura topográfica completa Código de barras Fecha visto por última vez Número de copia Precio válido a partir de Tipo de ítem Koha
        Dominicana de Servicio General General En catalogación 03.09.2009 LF1   xxx Y831g 6827-30 25.06.2020 e. 3 25.06.2020 Libro y Folleto Colección Dominicana de Servicio
      Excluido de préstamo Patrimonio Dominicano Patrimonio Dominicano Patrimonio Dominicano En catalogación 03.09.2009 LF1   xxx Y831g 6827-10 25.06.2020   25.06.2020 Libro y Folleto Colección Patrimonio Dominicano
      Excluido de préstamo Patrimonio Dominicano Patrimonio Dominicano Patrimonio Dominicano En catalogación 03.09.2009 LF1   xxx Y831g 6827-20 25.06.2020 e. 2 25.06.2020 Libro y Folleto Colección Patrimonio Dominicano

Con tecnología Koha